Normal view
MARC view
- Hilton, Edward H.
Entry Personal Name
001 - CONTROL NUMBER
- control field: 1352
003 - CONTROL NUMBER IDENTIFIER
- control field: NUST
005 - DATE AND TIME OF LATEST TRANSACTION
- control field: 20170523141405.0
008 - FIXED-LENGTH DATA ELEMENTS
- fixed length control field: 170523|| aca||aabn | a|a d
040 ## - CATALOGING SOURCE
- Original cataloging agency: NUST
- Transcribing agency: NUST
100 ## - HEADING--PERSONAL NAME
- Personal name: Hilton, Edward H.
670 ## - SOURCE DATA FOUND
- Source citation: Work cat.: (NUST)0: Hilton, Edward H., The mutiny records :, 2004.
